U.S. Senators in the album U.S. Political Figures by Picture - Statistics

General Stats
  • This quiz has been taken 46 times
  • The average score is 14 of 15
Answer Stats
Picture Answer % Correct
Bernie Sanders
100%
Hillary Clinton
100%
Joe Biden
98%
John McCain
98%
Mike Pence
98%
Ted Cruz
98%
Elizabeth Warren
95%
John Kerry
95%
Mitch McConnell
95%
Al Gore
93%
Mitt Romney
93%
Marco Rubio
90%
Cory Booker
88%
Dick Cheney
88%
Al Franken
78%
No matching quizzes found
Score Distribution
Percent of People with Each Score
Percentile by Number Answered
Your Score History
You have not taken this quiz